Khuda-E-islam (Record no. 375)

MARC details
000 -LEADER
fixed length control field 00536nam a2200229 a 4500
020 ## - INTERNATIONAL STANDARD BOOK NUMBER
ISBN
082 00 - DEWEY DECIMAL CLASSIFICATION NUMBER
Classification number 231
Author Cutter GOL
100 ## - MAIN ENTRY--AUTHOR NAME
Author name Goldsack, W
245 ## - TITLE STATEMENT
Title Khuda-E-islam
260 ## - PUBLICATION, DISTRIBUTION, ETC. (IMPRINT)
Place of publication Allahabad
Name of publisher Christian Lit. Society
Year of publication 1909
300 ## - PHYSICAL DESCRIPTION
Number of Pages 45p
500 ## - GENERAL NOTE
General note includes index and biblioraphy
650 ## - SUBJECT ADDED ENTRY--TOPICAL TERM
Topical Term God-Biblical Teaching
942 ## - ADDED ENTRY ELEMENTS (KOHA)
Koha item type Books
700 1# -
-- Goldsack, W
Holdings
Home library Current library Date acquired Cost, normal purchase price Full call number Accession Number Koha item type
Henry Martyn Institute Library Henry Martyn Institute Library   20.00 231 GOL 4973 Archive Book
Henry Martyn Institute Library Henry Martyn Institute Library   20.00 231 GOL 7418 Archive Book
Henry Martyn Institute Library Henry Martyn Institute Library   20.00 231 GOL 10877 Archive Book
                   Copyright © 2026 | Henry Martyn Institute | Hyderabad | TS-500052 | INDIA | Implemented by hmi.edu.in
Hit-Count:

Powered by Koha